Words from LOVE Quiz Stats

 Plays Quiz Updated Jul 30, 2016

Challenge
Share
Tweet
Embed
Score 0/21 Timer 02:00
0 Plays Today
Length Word % Correct
2lo
95.6%
4vole
87.2%
2el
82.4%
3ole
68.6%
4love
66.9%
3lev
65.7%
3lee
57%
3eel
53.2%
3loo
50.8%
3vee
50.3%
3eve
50.1%
Length Word % Correct
6evolve
49%
3ell
45.1%
3voe
44.9%
5level
37.4%
5levee
33.1%
2oe
29.5%
4loll
20.2%
4levo
14.1%
4oleo
8.3%
5ovolo
1.2%

You're not logged in!

Compare scores with friends on all Sporcle quizzes.
Join for Free
OR
Log In

You Might Also Like...

Show Comments

Extras

Top Quizzes Today


Score Distribution

Your Account Isn't Verified!

In order to create a playlist on Sporcle, you need to verify the email address you used during registration. Go to your Sporcle Settings to finish the process.

Report this User

Report this user for behavior that violates our Community Guidelines.

Details: